UM Logo

Library services and the level of satisfaction among UMDB students/ (Record no. 2177)

MARC details
000 -LEADER
fixed length control field 00627nam a22001697a 4500
008 - FIXED-LENGTH DATA ELEMENTS--GENERAL INFORMATION
fixed length control field 160430b xxu||||| |||| 00| 0 eng d
082 ## - DEWEY DECIMAL CLASSIFICATION NUMBER
Edition number 2008
Classification number UT 0106
Item number M76
100 ## - MAIN ENTRY--PERSONAL NAME
9 (RLIN) 7096
Personal name Montaño, Faith Hannah S.
245 ## - TITLE STATEMENT
Title Library services and the level of satisfaction among UMDB students/
Statement of responsibility, etc. Faith Hannah S. Montaño, Roxanne May Madrid, Raymond Lobo and Edwin Galozo.
260 ## - PUBLICATION, DISTRIBUTION, ETC. (IMPRINT)
Place of publication, distribution, etc. Digos City:
Name of publisher, distributor, etc. UMDC
Date of publication, distribution, etc. August 2008.
300 ## - PHYSICAL DESCRIPTION
Extent 37 pages;
Dimensions 28 cm.
650 #0 - SUBJECT ADDED ENTRY--TOPICAL TERM
9 (RLIN) 7098
Topical term or geographic name as entry element Nursing
General subdivision Undergraduate thesis.
700 ## - ADDED ENTRY--PERSONAL NAME
9 (RLIN) 7099
Personal name Madrid, Roxanne May.
700 ## - ADDED ENTRY--PERSONAL NAME
9 (RLIN) 7100
Personal name Lobo, Raymond.
700 ## - ADDED ENTRY--PERSONAL NAME
9 (RLIN) 7101
Personal name Galozo, Edwin.
942 ## - ADDED ENTRY ELEMENTS (KOHA)
Source of classification or shelving scheme Dewey Decimal Classification
Koha item type Undergraduate Thesis
Holdings
Withdrawn status Lost status Source of classification or shelving scheme Damaged status Not for loan Collection code Home library Current library Date acquired Total Checkouts Full call number Barcode Date last seen Price effective from Koha item type
    Dewey Decimal Classification     Undergraduate Theses UM Digos College - LIC UM Digos College - LIC 04/30/2016   UT 0106 M76 2008 UT0106 04/30/2016 04/30/2016 Undergraduate Thesis